রক্তাক্ত দিনগুলো ১৯৭৫-৮১ : (Record no. 2533)

MARC details
000 -LEADER
fixed length control field 01170nam a2200241 a 4500
003 - CONTROL NUMBER IDENTIFIER
control field BD-DhJNU
005 - DATE AND TIME OF LATEST TRANSACTION
control field 20260115054044.0
008 - FIXED-LENGTH DATA ELEMENTS--GENERAL INFORMATION
fixed length control field 251108s2023 bg |||g |||| 000 1|ben|d
020 ## - INTERNATIONAL STANDARD BOOK NUMBER
International Standard Book Number 9789849721444
040 ## - CATALOGING SOURCE
Original cataloging agency BD-DhJNU
Language of cataloging ben
Transcribing agency BD-DhJNU
Modifying agency BD-DhJNU
041 ## - LANGUAGE CODE
Language code of text/sound track or separate title ben
082 ## - DEWEY DECIMAL CLASSIFICATION NUMBER
Classification number 954.92 HUR
Edition number 23
100 ## - MAIN ENTRY--PERSONAL NAME
Personal name হোসেন, এম সাখাওয়াত
245 10 - TITLE STATEMENT
Title রক্তাক্ত দিনগুলো ১৯৭৫-৮১ :
Remainder of title অভ্যুত্থান-পাল্টাঅভ্যুত্থান প্রত্যক্ষদর্শীর অভিজ্ঞতা /
Statement of responsibility, etc. এম সাখাওয়াত হোসেন
246 ## - VARYING FORM OF TITLE
Title proper/short title Roktakto Dingulo: 1975-81
250 ## - EDITION STATEMENT
Edition statement 1st ed.
260 ## - PUBLICATION, DISTRIBUTION, ETC.
Place of publication, distribution, etc. ঢাকা :
Name of publisher, distributor, etc. প্রথমা প্রকাশন,
Date of publication, distribution, etc. 2023.
300 ## - PHYSICAL DESCRIPTION
Extent ২৩২ পৃ. :
Other physical details চিত্র ;
Dimensions ২২ সেমি.।
504 ## - BIBLIOGRAPHY, ETC. NOTE
Bibliography, etc. note গ্রন্থপঞ্জিগত নির্দেশিকা ও নিঘন্ট অন্তভূক্ত
650 ## - SUBJECT ADDED ENTRY--TOPICAL TERM
Topical term or geographic name entry element বাংলাদেশের রাজনৈতিক ইতিহাস
650 ## - SUBJECT ADDED ENTRY--TOPICAL TERM
Location of event Eyewitness memoir
942 ## - ADDED ENTRY ELEMENTS (KOHA)
Koha item type Books
Source of classification or shelving scheme Dewey Decimal Classification
Holdings
Withdrawn status Lost status Source of classification or shelving scheme Damaged status Not for loan Collection Home library Current library Shelving location Date acquired Source of acquisition Total checkouts Full call number Barcode Date last seen Copy number Price effective from Koha item type
    Dewey Decimal Classification     Non-fiction Jagannath University Central Library Jagannath University Central Library General stacks 01/15/2026 Purchased   954.92 HUR JNUCL33920 01/15/2026 1 01/15/2026 Books